| 000 | 00806cam a22003011 4500 | ||
|---|---|---|---|
| 001 | 4253 | ||
| 003 | BD-RjUL | ||
| 005 | 20211208233848.0 | ||
| 008 | 131222s1931 enk 001 0 eng | ||
| 035 | _a(BD-RjUL)4288 | ||
| 035 | _a(OCoLC)766240 | ||
| 040 |
_aDLC _cVtMiM _dDLC _dBD-RjUL _beng |
||
| 041 | _aeng | ||
| 082 | 0 | 4 |
_216 _a332.4 _bPED 1931 |
| 100 | 1 |
_aPeddie, John Taylor, _d1879- _913480 |
|
| 245 | 1 | 4 |
_aThe dual system of stabilisation / _cJ. Taylor Peddie |
| 250 | _aEnl. 2d ed. | ||
| 260 |
_aLondon : _bMacmillan, _c1931. |
||
| 300 |
_axii, 250 p. ; _c22 cm. |
||
| 504 | _aIncludes index. | ||
| 650 | 0 |
_aCredit. _913482 |
|
| 650 | 0 |
_aPrices. _913484 |
|
| 650 | 0 |
_aMoney. _913486 |
|
| 650 | 0 |
_aEconomics. _913487 |
|
| 942 |
_2ddc _cBK |
||
| 999 |
_c4253 _d4253 |
||